Normal Pokémon A-Z - Statistics

General Stats
  • This quiz has been taken 20 times
  • The average score is 18 of 24
Answer Stats
Letter Pokémon % Correct
P Patrat|Persian|Pidgeot|Pidgeotto|Pidgey|Pidove|Pikipek|Porygon|Porygon2|Porygon-Z| Purugly|Pyroar
100%
S Sawsbuck|Sentret|Shroodle|Silvally|Skitty|Skwovet|Slaking|Slakoth|Smeargle|Smoliv| Snorlax|Spearow|Spinda|Squawkabilly|Stantler|Staraptor|Staravia|Starly|Stoutland| Stufful|Swablu|Swellow
100%
B Bewear|Bibarel|Bidoof|Blissey|Bouffalant|Braviary|Buneary|Bunnelby
94%
C Castform|Chansey|Chatot|Cinccino|Cyclizar
88%
I Igglybuff|Indeedee
88%
R Raticate|Rattata|Regigigas|Rufflet
88%
F Farfetch'd|Farigiraf|Fearow|Fletchling|Furfrou|Furret
81%
G Girafarig|Glameow|Grafaiai|Greedent|Gumshoos
81%
L Lechonk|Lickilicky|Lickitung|Lillipup|Linoone|Litleo|Lopunny|Loudred
81%
M Maushold|Meloetta|Meowth|Miltank|Minccino|Munchlax
81%
T Taillow|Tandemaus|Tauros|Teddiursa|Terapagos|Toucannon|Tranquill|Trumbeak| Type Null
81%
W Watchog|Whismur|Wigglytuff|Wooloo|Wyrdeer
81%
D Deerling|Delcatty|Diggersby|Ditto|Dodrio|Doduo|Dolliv|Drampa|Dubwool|Dudunsparce| Dunsparce
75%
E Eevee|Exploud
75%
J Jigglypuff
75%
K Kangaskhan|Kecleon|Komala
75%
Z Zangoose|Zigzagoon
75%
A Aipom|Ambipom|Arboliva|Arceus|Azurill
69%
H Happiny|Heliolisk|Helioptile|Herdier|Hoothoot
69%
U Unfezant|Ursaluna|Ursaring
69%
O Obstagoon|Oinkologne|Oranguru
63%
V Vigoroth
63%
Y Yungoos
56%
N Noctowl
38%
No matching quizzes found
Score Distribution
Percent of People with Each Score
Percentile by Number Answered
Your Score History
You have not taken this quiz